[Event "AUTO-INT-307"]
[Site "http://www.queenalice.com/game.php?id=152838"]
[Date "2007.1.11"]
[Round "1"]
[White "Vagula"]
[Black "Gunnm"]
[Result "0-1"]
[WhiteElo "1435"]
[BlackElo "1458"]

1. e4 e5 2. Nf3 Nf6 3. Nc3 c5 4. Bc4 d6 5. Ng5 Bg4 6. f3 b5 7. Bxb5+ Bd7 8. Bc4
Be6 9. Nxe6 fxe6 10. Bxe6 Qe7 11. Bd5 Nxd5 12. Nxd5 Qe6 13. Nc7+ Kd7 14. Nxe6
Kxe6 15. O-O Be7 16. Qe2 Rf8 17. Qd3 Nc6 18. b3 Rab8 19. Qd5+ Kd7 20. Bb2 Bf6
21. g3 Rb4 22. Qd3 Bg5 23. h4 Bd8 24. c3 Rb7 25. c4 Ba5 26. Qd5 Rb6 27. f4 Rf6
28. Qg8 Ne7 0-1

[Event "AUTO-INT-307"]
[Site "http://www.queenalice.com/game.php?id=152849"]
[Date "2007.1.11"]
[Round "1"]
[White "ray"]
[Black "Vagula"]
[Result "1-0"]
[WhiteElo "1815"]
[BlackElo "1462"]

1. c4 Nf6 2. Nc3 e6 3. d4 Bb4 4. Bd2 Nc6 5. Nf3 d5 6. c5 h6 7. Qc2 Qe7 8. e3 O-O
9. Bd3 e5 10. O-O Bg4 11. Nh4 a6 12. Bf5 g5 13. Bxg4 e4 14. Nf5 Qe8 15. Nxh6+
Kg7 16. Nf5+ Kg6 17. Nd6 Qb8 18. Bf5+ Kg7 19. f3 cxd6 20. fxe4 dxe4 21. Nxe4 Nd5
22. Nxg5 Rh8 23. Bh7 Nf6 24. Ne6+ 1-0

[Event "AUTO-INT-307"]
[Site "http://www.queenalice.com/game.php?id=152850"]
[Date "2007.1.11"]
[Round "1"]
[White "Vagula"]
[Black "ray"]
[Result "0-1"]
[WhiteElo "1414"]
[BlackElo "1885"]

1. e4 c5 2. Nc3 Nc6 3. Nf3 g6 4. Bb5 Bg7 5. d3 Qc7 6. Nd5 Qa5+ 7. Nc3 Bxc3+ 8.
Bd2 Bxd2+ 9. Qxd2 Qxb5 10. c4 Qa5 11. Qxa5 Nxa5 12. O-O-O d6 13. d4 Nxc4 14. d5
Bg4 15. b3 Bxf3 16. gxf3 Nb6 17. Kc2 Nf6 18. Rhg1 Nh5 19. Rg4 O-O-O 20. Re1 Nd7
21. a4 Ne5 22. Rg2 Nxf3 23. Rd1 Nf4 24. Rg3 Nd4+ 0-1

[Event "AUTO-INT-307"]
[Site "http://www.queenalice.com/game.php?id=152857"]
[Date "2007.1.11"]
[Round "1"]
[White "Vagula"]
[Black "brunhos"]
[Result "1-0"]
[WhiteElo "1401"]
[BlackElo "1344"]

1. Nc3 d5 2. d4 Bf5 3. h3 Nf6 4. Nf3 e6 5. Bg5 h6 6. Bh4 g5 7. Bg3 Be7 8. Nb5
Na6 9. a3 c6 10. Nc3 Qb6 11. b4 Ne4 12. Nxe4 Bxe4 13. e3 Nc7 14. Nd2 a5 15. Nxe4
axb4 16. axb4 Qxb4+ 17. Nc3 Qxc3+ 18. Ke2 Rxa1 19. Qd3 Re1+ 20. Kf3 Qxd3 21.
cxd3 Nb5 22. Be5 f6 23. Bh2 h5 24. g4 hxg4+ 25. Kxg4 f5+ 26. Kg3 Bd6+ 27. f4
gxf4+ 28. exf4 Nxd4 29. Kf2 Rc1 30. Rg1 Rc2+ 31. Kg3 Rg8+ 32. Kh4 Nf3+ 33. Kh5
Nxg1 34. Bxg1 Rc1 35. Bd4 Rxf1 36. h4 Rh1 37. Bf6 Rg6 38. Kxg6 Bxf4 39. h5 Bd6
40. h6 Be7 41. Bg7 Bf8 42. h7 Bxg7 43. Kxg7 Ke7 44. h8=Q Rxh8 45. Kxh8 f4 46.
Kg7 f3 47. Kg6 f2 48. Kg5 f1=Q 49. d4 Qf5+ 50. Kh4 Qg6 51. Kh3 Kf6 52. Kh4 Kf5
53. Kh3 1-0

[Event "AUTO-INT-307"]
[Site "http://www.queenalice.com/game.php?id=152858"]
[Date "2007.1.11"]
[Round "1"]
[White "brunhos"]
[Black "Vagula"]
[Result "0-1"]
[WhiteElo "1344"]
[BlackElo "1417"]

1. e4 e5 2. Nf3 Nc6 3. d4 d6 4. dxe5 dxe5 5. Qxd8+ Kxd8 6. Bb5 f6 7. Nc3 a6 8.
Bxc6 bxc6 9. Be3 Bg4 10. O-O-O+ Kc8 11. Rd3 Nh6 12. Rhd1 Be7 13. Rd7 Bxd7 14.
Kb1 Bg4 15. h3 Bxf3 16. gxf3 Rd8 17. Rxd8+ Bxd8 18. f4 exf4 19. Bxf4 g5 20. Be3
Be7 21. b3 Bd6 22. h4 Bf4 23. Bxf4 gxf4 24. f3 Kb7 25. Ne2 Rd8 26. Nxf4 Rd1+ 27.
Kb2 Rf1 28. Nd3 Rxf3 29. e5 fxe5 30. Nxe5 Rh3 31. Nd7 Rxh4 32. c3 Nf5 33. Nc5+
Kb6 34. Ne6 h5 35. c4 c5 36. Ng5 Rh2+ 37. Kc3 Nd4 38. Kd3 h4 39. Ke4 h3 40. Nxh3
Rxh3 41. Ke5 Rh2 42. Kf6 Rxa2 43. b4 cxb4 44. Ke5 b3 45. Kxd4 b2 46. c5+ Kb7 47.
Kd5 b1=Q 48. c6+ Kb6 49. Kc4 Qd1 50. Kb4 Rc2 0-1

[Event "Challenge"]
[Site "http://www.queenalice.com/game.php?id=154043"]
[Date "2007.1.14"]
[Round "-"]
[White "JusEstripador"]
[Black "Vagula"]
[Result "0-1"]
[WhiteElo "1206"]
[BlackElo "1585"]

1. e4 e5 2. d3 Bc5 3. c3 Nc6 4. Ne2 Nf6 5. Nd2 b6 6. f3 O-O 7. g4 Ba6 8. b4 Be3
9. Nb3 Bxc1 10. Qxc1 Bxd3 11. c4 Nxb4 12. Kd2 Bxe2 13. Bxe2 c5 14. g5 Nh5 15.
Kc3 Nf4 16. Bf1 Qxg5 17. Qe1 Ng2 18. Bxg2 Qxg2 19. Rc1 Qxf3+ 20. Kb2 Nd3+ 21.
Ka3 Nxe1 0-1

[Event "Challenge"]
[Site "http://www.queenalice.com/game.php?id=155444"]
[Date "2007.1.18"]
[Round "-"]
[White "Vagula"]
[Black "giordanol"]
[Result "0-1"]
[WhiteElo "1479"]
[BlackElo "1625"]

1. e4 e5 2. Nf3 Nc6 3. Nc3 Nf6 4. Bb5 Bb4 5. a3 Bxc3 6. Bxc6 Bxd2+ 7. Bxd2 dxc6
8. Nxe5 Qd4 9. Bf4 Qxe4+ 10. Qe2 Qxe2+ 11. Kxe2 O-O 12. Rad1 Re8 13. h3 Nd7 14.
Rd3 Nxe5 15. Re3 f6 16. Rd1 Bf5 17. c3 Ng6 18. Bxc7 Rxe3+ 19. fxe3 b6 20. b4 Be4
21. c4 Rc8 22. Bd6 Bxg2 23. a4 Bxh3 24. Ke1 Re8 25. Kf2 Rd8 26. c5 Ne5 27. Rh1
Bf5 28. Bc7 Rd7 29. Bd6 Nd3+ 30. Kf3 b5 31. e4 Bxe4+ 32. Ke3 Bxh1 33. Kxd3 bxa4
34. Kc2 Bd5 35. Kb2 Bb3 36. Ka3 h5 37. Bb8 g5 38. Bh2 f5 39. Be5 f4 40. Bf6 f3
41. Bxg5 f2 42. Bh4 f1=Q 43. Bg3 Qa1# 0-1

[Event "Challenge"]
[Site "http://www.queenalice.com/game.php?id=155487"]
[Date "2007.1.18"]
[Round "-"]
[White "Vagula"]
[Black "paulouk"]
[Result "0-1"]
[WhiteElo "1414"]
[BlackElo "1548"]

1. e4 e5 2. Nf3 d6 3. Nc3 a6 4. h3 h6 5. d3 Nf6 6. g4 g5 7. Be3 c6 8. d4 Bg7 9.
dxe5 dxe5 10. Qxd8+ Kxd8 11. Nxe5 Be6 12. Bc4 Rf8 13. Bxe6 fxe6 14. Bc5 Re8 15.
Na4 Nbd7 16. Nf7+ Kc8 17. Nb6+ Nxb6 18. Nd6+ Kc7 19. Nxe8+ Nxe8 20. O-O Bxb2 21.
Rab1 Na4 22. Bf8 Rd8 23. Bxh6 Rd2 24. Bxg5 Rxc2 25. h4 Nc3 26. Rbe1 Nxa2 27. h5
Rc5 28. Bf4+ e5 29. Bg5 Nb4 30. Be7 Rc4 31. h6 Rc3 32. g5 Rh3 33. Bxb4 Kb6 34.
Re3 Rh4 35. Kg2 Rg4+ 36. Kf3 Rxg5 37. h7 Rh5 38. Rb1 Bd4 39. Bd2+ Kc7 40. Reb3
b5 41. Ba5+ Kb7 42. Kg4 Rxh7 43. Rh3 Nf6+ 44. Kg3 Nxe4+ 45. Kg2 Rg7+ 46. Kh2
Nxf2 47. Rh8 c5 48. Rc1 e4 49. Bc3 e3 50. Bxd4 cxd4 51. Re1 b4 52. Rd8 Rg4 53.
Rd5 Kb6 54. Rg1 Kc6 55. Ra5 Kb6 56. Ra2 b3 57. Rb2 Kc5 58. Rxb3 Kc4 59. Rb6 a5
60. Rxg4 Nxg4+ 61. Kg2 e2 62. Rb1 d3 63. Re1 a4 64. Kg3 Ne3 65. Kf3 Nc2 66. Rxe2
a3 67. Re4+ Kc3 68. Kf2 Kd2 69. Ra4 Kc1 70. Rxa3 Nxa3 71. Ke1 d2+ 72. Ke2 d1=Q+
73. Ke3 Qf1 74. Ke4 Qf6 75. Ke3 Qf5 76. Ke2 Qf4 77. Kd3 Nc4 78. Kc3 Nb2 0-1

[Event "Challenge"]
[Site "http://www.queenalice.com/game.php?id=155488"]
[Date "2007.1.18"]
[Round "-"]
[White "Vagula"]
[Black "davividal"]
[Result "0-1"]
[WhiteElo "1588"]
[BlackElo "1626"]

1. d4 Nf6 2. e3 g6 3. Bd2 Bg7 4. h3 d6 5. Nc3 Nbd7 6. Nf3 O-O 7. Bb5 c6 8. Bc4
a6 9. Bb3 c5 10. dxc5 Nxc5 11. g4 Nce4 12. Nxe4 Nxe4 13. c3 Kh8 14. Qc2 f5 15.
Bd5 Nf6 16. Qb3 fxg4 17. Ng5 Nxd5 18. Qxd5 gxh3 19. Nf7+ Rxf7 20. Qxf7 Qf8 21.
Qxf8+ Bxf8 22. Rg1 Be6 23. Rh1 Bg7 24. b4 Rc8 25. Rc1 g5 26. f3 h5 27. e4 Bf6
28. Be3 Kh7 29. Bd4 Bxd4 30. Kd2 Be5 31. a4 Bf4+ 32. Kd1 Bxc1 33. Kxc1 Rxc3+ 34.
Kb2 Rxf3 35. Kc2 g4 36. Kd2 g3 37. Ke2 Bg4 38. Rc1 Rc3+ 39. Kd2 Rxc1 0-1

[Event "Challenge"]
[Site "http://www.queenalice.com/game.php?id=156969"]
[Date "2007.1.21"]
[Round "-"]
[White "Vagula"]
[Black "jbio"]
[Result "1-0"]
[WhiteElo "1515"]
[BlackElo "1494"]

1. e4 d6 2. Nc3 Nf6 3. Nf3 g6 4. Bc4 e6 5. d3 Bg7 6. O-O O-O 7. Qe2 Nc6 8. a3 a6
9. b4 Na7 10. Ng5 h6 11. Nf3 b5 12. Bb3 Nc6 13. h3 e5 14. Nd5 Nd4 15. Nxd4 exd4
16. g4 Re8 17. Qf3 Bb7 18. g5 hxg5 19. Bxg5 Re5 20. Nxf6+ Bxf6 21. Bxf6 Qf8 22.
Bxe5 dxe5 23. Qf6 Qg7 24. Qxg7+ Kxg7 25. f4 exf4 26. Rxf4 Rf8 27. Bd5 Bxd5 28.
exd5 f5 29. Rxd4 Rf7 30. d6 cxd6 31. Rxd6 Kh6 32. Rxa6 Kg5 33. h4+ Kh5 34. c4
bxc4 35. dxc4 Rg7 36. c5 g5 37. Rf1 gxh4+ 38. Kh2 Rf7 39. b5 f4 40. b6 f3 41.
Ra7 1-0

[Event "Challenge"]
[Site "http://www.queenalice.com/game.php?id=159219"]
[Date "2007.1.26"]
[Round "-"]
[White "Vagula"]
[Black "schwam"]
[Result "0-1"]
[WhiteElo "1547"]
[BlackElo "1539"]

1. e4 e5 2. Nc3 Nc6 3. a3 Nf6 4. Nf3 Bc5 5. b4 Bd4 6. Bb2 d6 7. Bc4 Be6 8. Bxe6
fxe6 9. b5 Na5 10. a4 b6 11. Qe2 c5 12. bxc6 Nxc6 13. Nxd4 Nxd4 14. Qe3 Nxc2+
0-1

[Event "Challenge"]
[Site "http://www.queenalice.com/game.php?id=159257"]
[Date "2007.1.26"]
[Round "-"]
[White "Vagula"]
[Black "filhoje"]
[Result "1-0"]
[WhiteElo "1432"]
[BlackElo "1567"]

1. d4 d5 2. Nf3 Bf5 3. h3 Nc6 4. g4 Be4 5. Bg2 Nb4 6. Na3 Qd7 7. c3 Nc6 8. c4 e5
9. dxe5 O-O-O 10. Nb5 dxc4 11. Qxd7+ Rxd7 12. Bf4 Bb4+ 13. Kf1 Nge7 14. Ng5 Nd5
15. Bxe4 Nxf4 16. Bf5 Ne6 17. Nxe6 Kb8 18. Nexc7 Rd2 19. b3 c3 20. a3 a6 21.
axb4 axb5 22. Ra8+ Kxc7 23. Rxh8 Nd4 24. Rc8+ Kb6 25. Bxh7 c2 26. Kg2 g6 27. Rc1
Rxe2 28. Bg8 Rxe5 29. Bxf7 g5 30. Bg6 Nxb3 31. R1xc2 Nd4 32. Rd2 Re6 33. Rxd4
Rxg6 34. Rd5 Rg7 35. Rcc5 Rg6 36. Rxb5+ 1-0

[Event "Duelo de titãs"]
[Site "http://www.queenalice.com/game.php?id=242210"]
[Date "2007.7.19"]
[Round "-"]
[White "JusEstripador"]
[Black "Vagula"]
[Result "1-0"]
[WhiteElo "1332"]
[BlackElo "1455"]

1. e4 e5 2. Nf3 Nc6 3. c3 a6 4. d3 Nf6 5. Nbd2 Bd6 6. d4 exd4 7. cxd4 Bb4 8. e5
Ng4 9. Qb3 Qe7 10. h3 Nh6 11. d5 Na5 12. Qa4 Qc5 13. a3 Bxd2+ 14. Bxd2 b6 15.
Be3 Qxd5 16. Rd1 Qb3 17. Qf4 Qe6 18. Ng5 Qf5 19. Qd4 O-O 20. Bd3 Nc6 21. Qd5 Nb4
22. axb4 Bb7 23. Qd4 c5 24. bxc5 bxc5 25. Qxc5 Be4 26. Bxe4 d6 27. Bxf5 dxc5 28.
Bxc5 Rfd8 29. Bxh7+ Kh8 30. Rd6 a5 31. O-O Re8 32. f4 Rac8 33. Rd5 Rc6 34. Rfd1
f6 35. Rd8 Rc8 36. Bb6 fxg5 37. Bg6 Rf8 38. e6 Ng8 39. R1d7 Rcxd8 40. Bxd8 Rxf4
41. Bf7 Nf6 42. Ra7 a4 43. Ra8 Kh7 44. Bxf6 Rxf6 45. e7 Rxf7 46. e8=Q Rf4 47.
Rb8 Rd4 48. b3 a3 49. Qe5 Rf4 50. g3 Rf6 51. Qxg5 a2 52. Ra8 Rg6 53. Qxg6+ Kxg6
54. Rxa2 Kf7 55. Re2 1-0

[Event "Duelo de titãs [revanche]"]
[Site "http://www.queenalice.com/game.php?id=243190"]
[Date "2007.7.21"]
[Round "-"]
[White "Vagula"]
[Black "JusEstripador"]
[Result "0-1"]
[WhiteElo "1433"]
[BlackElo "1353"]

1. e4 e5 2. d3 d6 3. h3 Nf6 4. Nc3 d5 5. Bd2 d4 6. Nb5 a6 7. Na3 Be6 8. c4 c5 9.
Nf3 h6 10. Nxe5 Nfd7 11. Nf3 Nc6 12. Bf4 Nb4 13. Qb3 Qa5 14. O-O-O g5 15. Bd2 f6
16. g4 Qc7 17. Bg2 a5 18. Nb5 Qb6 19. Qa4 Qd8 20. Rde1 Nxd3+ 21. Kb1 Nb6 22. Qa3
Nxe1 23. Rxe1 Bxc4 24. e5 Kf7 25. e6+ Ke8 26. Nbxd4 cxd4 27. e7 Bxe7 28. Rxe7+
Qxe7 29. Qxe7+ Kxe7 30. Nxd4 Rad8 31. Nf5+ Kf7 32. Bxa5 Rd1+ 33. Kc2 Rhd8 34.
Bxb7 Bxa2 35. Bxb6 R8d3 36. Ne3 Bb3# 0-1

[Event "Duelo de Titãs II"]
[Site "http://www.queenalice.com/game.php?id=246133"]
[Date "2007.7.26"]
[Round "-"]
[White "JusEstripador"]
[Black "Vagula"]
[Result "1-0"]
[WhiteElo "1342"]
[BlackElo "1414"]

1. e4 e5 2. d3 Nf6 3. g4 h6 4. a3 g5 5. Nf3 Bd6 6. d4 Qe7 7. c4 b6 8. Nc3 Nxg4
9. b4 Qf6 10. h3 exd4 11. Nd5 Qg6 12. Bb2 Qxe4+ 13. Be2 Ne5 14. Nf6+ Ke7 15.
Nxe4 Bb7 16. Bd3 g4 17. hxg4 Nxg4 18. Bxd4 Rg8 19. Rg1 f5 20. Nf6 Nxf6 21. Rxg8
Nxg8 22. Bxf5 Nc6 23. Nh4 Rf8 24. Ng6+ 1-0

[Event "Challenge"]
[Site "http://www.queenalice.com/game.php?id=249505"]
[Date "2007.8.2"]
[Round "-"]
[White "Vagula"]
[Black "casparanhos"]
[Result "0-1"]
[WhiteElo "1414"]
[BlackElo "1551"]

1. e4 e5 2. Nf3 Qf6 3. Be2 Bc5 4. d3 Qg6 5. g3 Bb4+ 6. c3 Bf8 7. Nxe5 Qe6 8. Bf4
d6 9. Nc4 g6 10. Qb3 Nh6 11. Bf3 Nc6 12. d4 Nd8 13. Nbd2 Bg7 14. e5 O-O 15. Ne4
d5 16. Ng5 dxc4 0-1

[Event "Challenge"]
[Site "http://www.queenalice.com/game.php?id=249664"]
[Date "2007.8.2"]
[Round "-"]
[White "Vagula"]
[Black "Luke1416"]
[Result "0-1"]
[WhiteElo "1384"]
[BlackElo "1513"]

1. e4 e5 2. Nf3 d6 3. d3 Bg4 4. Be2 Bxf3 5. Bxf3 Nf6 6. Nc3 Nc6 7. Bg5 Be7 8.
Bxf6 Bxf6 9. Nd5 O-O 10. a3 Nd4 11. O-O c6 12. Ne3 Bg5 13. c3 Bxe3 14. fxe3 Nb5
15. c4 Nc7 16. Qb3 b5 0-1

[Event "Challenge"]
[Site "http://www.queenalice.com/game.php?id=251090"]
[Date "2007.8.4"]
[Round "-"]
[White "Vagula"]
[Black "maximos"]
[Result "0-1"]
[WhiteElo "1393"]
[BlackElo "1574"]

1. Nc3 d5 2. d4 h6 3. e3 Nf6 4. Nf3 a6 5. h3 Nc6 6. a3 Bf5 7. g4 Be4 8. Nxe4
dxe4 9. Nd2 e5 10. Bg2 Na5 11. Nxe4 Nd5 12. Bd2 Nc4 0-1